भारत सत सई / (Record no. 112487)

MARC details
000 -LEADER
fixed length control field 01021nam a22002537a 4500
005 - DATE AND TIME OF LATEST TRANSACTION
control field 20170124102939.0
010 ## - LIBRARY OF CONGRESS CONTROL NUMBER
LC control number B-017354
020 ## - INTERNATIONAL STANDARD BOOK NUMBER
Terms of availability 100.00
035 ## - SYSTEM CONTROL NUMBER
System control number B-017354
037 ## - SOURCE OF ACQUISITION
Source of stock number/acquisition Cen Lib/Ret
040 ## - CATALOGING SOURCE
Original cataloging agency DPL
Language of cataloging HN
082 ## - DEWEY DECIMAL CLASSIFICATION NUMBER
Classification number 823.08
Item number भारत
100 ## - MAIN ENTRY--PERSONAL NAME
Personal name भारत भूषण आर्य
9 (RLIN) 47833
245 ## - TITLE STATEMENT
Title भारत सत सई /
Statement of responsibility, etc भारत भूषण आर्य
246 ## - VARYING FORM OF TITLE
Title proper/short title Bharat satsaee
Remainder of title by Bharat Bhushan Aarya
260 ## - PUBLICATION, DISTRIBUTION, ETC. (IMPRINT)
Place of publication, distribution, etc दिल्ली
Name of publisher, distributor, etc पाण्डुलिपि प्रकाशन
Date of publication, distribution, etc 2000
270 ## - ADDRESS
Address 77/1,ईस्ट आजाद नगर
City दिल्ली
Postal code 110051
300 ## - PHYSICAL DESCRIPTION
Extent 99पृष्ठ.
Dimensions 20सेमी (सजिल्द)
650 ## - SUBJECT ADDED ENTRY--TOPICAL TERM
Topical term or geographic name as entry element हिंदी साहित्य
9 (RLIN) 47834
650 ## - SUBJECT ADDED ENTRY--TOPICAL TERM
Topical term or geographic name as entry element हिंदी काव्य -भूषण सतसई
9 (RLIN) 45236
650 ## - SUBJECT ADDED ENTRY--TOPICAL TERM
Topical term or geographic name as entry element hindi literature
9 (RLIN) 47835
650 ## - SUBJECT ADDED ENTRY--TOPICAL TERM
Topical term or geographic name as entry element Hindi poetry -bhusn Satsaee
9 (RLIN) 47836
942 ## - ADDED ENTRY ELEMENTS (KOHA)
Source of classification or shelving scheme Dewey Decimal Classification
Koha item type Hindi Books
Classification part 823.08
Call number suffix भारत
Holdings
Withdrawn status Lost status Damaged status Not for loan Home library Current library Date acquired Source of acquisition Cost, normal purchase price Total Checkouts Full call number Barcode Date last seen Date checked out Copy number Cost, replacement price Price effective from Koha item type
        Central Library Central Library 08/08/2015 Cen Lib/Ret 100.00 2 823.08 भारत B-017354 13/05/2022 06/05/2022 1 100.00 08/08/2015 Hindi Books

© Delhi Public Library
Hit Counter
free hit counter